| 000 | 00766nam a2200253Ia 4500 | ||
|---|---|---|---|
| 003 | GCL | ||
| 008 | 140319s9999 xx 000 0 ara d | ||
| 040 |
_aGCL / _cGCL |
||
| 082 | 0 | 4 |
_aم _b031 _bم م |
| 100 | 1 | _aجورج سعد | |
| 245 | 1 | 0 |
_aمعجم العالم العربى / _cجورج سعد |
| 700 | 1 | _aمرسى، مجالى | |
| 700 | 1 | _aميشال ليون | |
| 250 | _aالاولى | ||
| 260 |
_aالقاهرة : _bمكتبة مدبولى ، _c1994 |
||
| 300 |
_a190 ص: _bايض ؛ _c24 سم |
||
| 490 |
_aسلسلة المعاجم العلمية _v0 |
||
| 650 | 0 | 4 | _aدوائر المعارف |
| 650 | 0 | 4 | _aالحضارة |
| 650 | 0 | 4 | _aالمعاهدات |
| 650 | 0 | 4 | _aالمعارك |
| 650 | 0 | 4 | _aالعالم - تاريخ |
| 942 |
_2ddc _cBK |
||
| 999 |
_c5053 _d5053 |
||